Businessman's Japan : A Survey of Japan's "divine wind" economy in the 1960's

Spremljeno u:
Bibliografski detalji
Glavni autor: Sato, Takeshi
Format: Knjiga
Jezik:Undetermined
Izdano: London M. Joseph 1964
Teme:
Oznake: Dodaj oznaku
Bez oznaka, Budi prvi tko označuje ovaj zapis!
Thư viện lưu trữ: Trung tâm Học liệu Trường Đại học Cần Thơ
LEADER 00554nam a2200205Ia 4500
001 CTU_79876
008 210402s9999 xx 000 0 und d
082 |a 330.9 
082 |b S253 
100 |a Sato, Takeshi 
245 0 |a Businessman's Japan : 
245 2 |b A Survey of Japan's "divine wind" economy in the 1960's 
245 0 |c Takeshi Sato 
260 |a London 
260 |b M. Joseph 
260 |c 1964 
650 |a Economic conditions 
650 |z Japan 
904 |i Trọng Hải 
980 |a Trung tâm Học liệu Trường Đại học Cần Thơ